[Event "Zaporozhye Ermak Cup 7th"]
[Site "Zaporozhye"]
[Date "2011.06.30"]
[Round "8"]
[White "Liakhov, Gennady"]
[Black "Kovalenko, Alexander"]
[Result "1-0"]
[WhiteElo "2096"]
[BlackElo "2157"]
[PlyCount "105"]
[EventDate "2011.06.25"]
[EventType "swiss"]
[EventRounds "9"]
[EventCountry "UKR"]
[SourceTitle "CBM 143 Extra"]
[Source "ChessBase"]
[SourceDate "2011.08.29"]
[SourceVersion "1"]
[SourceVersionDate "2011.08.29"]
[SourceQuality "1"]

1. c4 Nf6 2. Nc3 e6 3. d4 d5 4. e3 c6 5. Nf3 Nbd7 6. Bd3 Bd6 7. 0-0 0-0 8. h3 Re8 9. Qc2 dxc4 10. Bxc4 b5 11. Bd3 Bb7 12. Ng5 h6 13. Nge4 Be7 14. Nxf6+ Nxf6 15. Ne4 Nxe4 16. Bxe4 Qb6 17. Bd2 a5 18. Rfc1 Rec8 19. a3 c5 20. Bxb7 Qxb7 21. dxc5 Rxc5 22. Qd3 Rd8 23. Qxd8+ Bxd8 24. Rxc5 Qd7 25. Rc2 e5 26. Rac1 Kh7 27. Bc3 f6 28. Rd2 Qc8 29. Rcd1 Bb6 30. Rd6 Qc7 31. Rd7 Qc4 32. Rb7 b4 33. axb4 axb4 34. Rxb6 bxc3 35. bxc3 Qxc3 36. Rb7 h5 37. g3 e4 38. Rdd7 Qe1+ 39. Kg2 Qe2 40. Rxg7+ Kh6 41. Rh7+ Kg5 42. Rbg7+ Kf5 43. Rd7 Qf3+ 44. Kg1 Kg6 45. Rh8 Qf5 46. Rg8+ Kh6 47. Rd4 Qf3 48. h4 Kh7 49. Re8 f5 50. Re6 Kg7 51. Rd7+ Kf8 52. Re5 f4 53. exf4 1-0

[Event "Zaporozhye Ermak Cup 7th"]
[Site "Zaporozhye"]
[Date "2011.06.30"]
[Round "7"]
[White "Onokienko, Olexandra"]
[Black "Liakhov, Gennady"]
[Result "0-1"]
[WhiteElo "1830"]
[BlackElo "2096"]
[PlyCount "162"]
[EventDate "2011.06.25"]
[EventType "swiss"]
[EventRounds "9"]
[EventCountry "UKR"]
[SourceTitle "CBM 143 Extra"]
[Source "ChessBase"]
[SourceDate "2011.08.29"]
[SourceVersion "1"]
[SourceVersionDate "2011.08.29"]
[SourceQuality "1"]

1. e4 c6 2. b3 d5 3. Bb2 dxe4 4. Nc3 Nf6 5. Nge2 Bg4 6. h3 Bh5 7. g4 Bg6 8. Ng3 Nbd7 9. Bg2 e6 10. Ncxe4 Be7 11. Qf3 Nxe4 12. Nxe4 Bxe4 13. Qxe4 Bf6 14. 0-0-0 Bxb2+ 15. Kxb2 Qf6+ 16. d4 0-0-0 17. Qe3 Nb6 18. c3 Nd5 19. Bxd5 Rxd5 20. Rd2 Rhd8 21. Rhd1 h5 22. c4 R5d7 23. g5 Qf5 24. f4 a6 25. h4 Qg4 26. Qf2 Qf5 27. Qe3 f6 28. Kc3 Qa5+ 29. Kb2 Qf5 30. Kc3 Kb8 31. Kb2 Rf8 32. Re2 Re8 33. Red2 Rde7 34. Qg3 Ka8 35. Qf2 Kb8 36. Qg3 Kc8 37. d5 c5 38. dxe6 Qxe6 39. Qf2 b6 40. Qf3 Qe4 41. Qxh5 Qxf4 42. gxf6 gxf6 43. Qd5 Qe5+ 44. Kc2 Kc7 45. Qd6+ Qxd6 46. Rxd6 Re2+ 47. R1d2 Rxd2+ 48. Rxd2 Rh8 49. Rf2 Rh6 50. Rf4 Kd6 51. h5 Ke5 52. Rh4 Kf5 53. Rh1 Kg5 54. Kd3 Rxh5 55. Rg1+ Kf5 56. Rf1+ Ke6 57. Re1+ Re5 58. Rh1 Kd6 59. Rh6 Re6 60. Rh5 Re8 61. Rh6 Ke5 62. Rh5+ Kf4 63. Rd5 Re6 64. a3 f5 65. Rd8 a5 66. a4 Kf3 67. Rf8 Rd6+ 68. Kc3 f4 69. Rf7 Ke3 70. Re7+ Kf2 71. Rf7 f3 72. Rf8 Ke2 73. Re8+ Kf1 74. Rf8 f2 75. Re8 Kg2 76. Rg8+ Kf3 77. Rf8+ Ke2 78. Re8+ Kd1 79. Rf8 Rd2 80. Rf6 Ke1 81. Re6+ Re2 0-1

[Event "Zaporozhye Ermak Cup 7th"]
[Site "Zaporozhye"]
[Date "2011.06.26"]
[Round "3"]
[White "Shagbazyan, Taron"]
[Black "Liakhov, Gennady"]
[Result "1-0"]
[WhiteElo "2303"]
[BlackElo "2096"]
[PlyCount "61"]
[EventDate "2011.06.25"]
[EventType "swiss"]
[EventRounds "9"]
[EventCountry "UKR"]
[SourceTitle "CBM 143 Extra"]
[Source "ChessBase"]
[SourceDate "2011.08.29"]
[SourceVersion "1"]
[SourceVersionDate "2011.08.29"]
[SourceQuality "1"]

1. e4 c6 2. d4 d5 3. Nc3 dxe4 4. Nxe4 Nf6 5. Nxf6+ exf6 6. Ne2 Bd6 7. Ng3 0-0 8. Bd3 Re8+ 9. Be3 Qc7 10. Qf3 Nd7 11. Nf5 Nf8 12. 0-0-0 Ng6 13. Kb1 Bf4 14. h4 Bxe3 15. fxe3 Bxf5 16. Bxf5 Nf8 17. g4 Re7 18. g5 fxg5 19. hxg5 g6 20. Bd3 Qa5 21. Bc4 Qxg5 22. Rdf1 Nd7 23. Qh3 Nf8 24. Rxf7 Rxf7 25. Rf1 Kh8 26. Rxf7 Qg1+ 27. Rf1 Qg5 28. e4 Re8 29. e5 Qe7 30. Rf7 Qb4 31. Qf1 1-0